Albums de la série «Spirou et Fantasio» - Statistiques

Statistiques générales
  • Ce quiz a été pris 320 fois
    32 depuis la dernière actualisation
  • Le résultat moyen est 22 sur 57
Statistiques - réponses
Hint Réponse % Correct
No. 15 (Franquin et Greg, 1961) Z comme Zorglub
88%
No. 39 (Janry et Tome, 1987) Spirou à New York
67%
No. 44 (Janry et Tome, 1993) Le Rayon noir
63%
No. 16 (Franquin et Greg, 1962) L'Ombre du Z
63%
No. 4 (Franquin, 1952) Spirou et les héritiers
63%
No. 45 (Janry et Tome, 1995) Luna fatale
58%
No. 42 (Janry et Tome, 1990) Spirou à Moscou
58%
No. 21 (Fournier, 1971) Du glucose pour Noémie
54%
No. 27 (Fournier, 1977) L'Ankou
54%
No. 43 (Janry et Tome, 1991) Vito la Déveine
54%
No. 34 (Janry et Tome, 1985) Aventure en Australie
50%
No. 2 (Darc et Franquin, 1951) Il y a un sorcier à champignac
50%
No. 22 (Fournier, 1972) L'Abbaye truquée
50%
No. 41 (Janry et Tome, 1989) La Vallée des bannis
50%
No. 35 (Janry et Tome, 1985) Qui arrêtera Cyanure?
50%
No. 49 (Morvan et Munuera, 2006) Spirou et Fantasio à Tokyo
50%
No. 47 (Morvan et Munuera, 2004) Paris-sous-Seine
46%
No. 29 (Fournier, 1980) Des haricots partout
42%
No. 28 (Fournier, 1979) Kodo le tyran
42%
No. 31 (Cauvin et Nic, 1983) La Boîte noire
42%
No. 40 (Janry et Tome, 1988) La Frousse aux trousses
42%
No. 12 (Franquin, 1960) Le Nid des marsupilamis
42%
No. 9 (Franquin, 1957) Le Repaire de la murène
42%
No. 3 (Franquin et Jijé, 1952) Les Chapeaux noirs
42%
No. 46 (Janry et Tome, 1998) Machine qui rêve
42%
No. 19 (Franquin, Gos et Peyo, 1969) Panade à Champignac
42%
No. 18 (Franquin et Greg, 1966) QRN sur Bretzelburg
42%
No. 17 (Franquin et Roba, 1964) Spirou et les hommes-bulles
42%
No. 25 (Fournier, 1974) Le Gri-gri du Niokolo-Koba
38%
No. 24 (Franquin, Greg et Roba, 1974) Tembo Tabou
38%
No. 1 (Franquin, 1950) 4 aventures de Spirou et Fantasio
33%
No. 30 (Cauvin et Nic, 1983) La Ceinture du grand froid
33%
No. 8 (Franquin, 1956) La Mauvaise tête
33%
No. 7 (Franquin et Rosy, 1956) Le Dictateur et le champignon
33%
No. 11 (Franquin, 1959) Le gorille a bonne mine
33%
No. 36 (Janry et Tome, 1986) L'Horloger de la comète
33%
No. 23 (Fournier, 1973) Tora Torapa
33%
No. 33 (Janry et Tome, 1984) Virus
33%
No. 53 (Vehlmann et Yoann, 2013) Dans les griffes de la Vipère
29%
No. 6 (Franquin, 1955) La Corne de rhinocéros
29%
No. 38 (Janry et Tome, 1987) La jeunesse de Spirou
29%
No. 20 (Fournier et Franquin, 1970) Le Faiseur d'or
29%
No. 14 (Franquin et Greg, 1961) Le Prisonnier du Bouddha
29%
No. 5 (Almo et Franquin, 1954) Les Voleurs du marsupilami
29%
No. 13 (Franquin et Greg, 1960) Le Voyageur du Mésozoïque
29%
No. 56 (Abitan, Guerrive et Schwartz, 2022) La Mort de Spirou
25%
No. 10 (Franquin, Rosy, Will, 1959) Les Pirates du silence
25%
No. 52 (Vehlmann et Yoann, 2011) La Face cachée du Z
21%
No. 32 (Cauvin et Nic, 1984) Les Faiseurs de silence
21%
No. 55 (Velhmann et Yoann, 2016) La Colère du Marsupilami
17%
No. 37 (Janry et Tome, 1986) Le Réveil du Z
17%
No. 48 (Morvan et Munuera, 2005) L'Homme qui ne voulait pas mourir
17%
No. 51 (Vehlmann et Yoann, 2010) Alerte aux Zorkons
13%
No. 26 (Fournier, 1976) Du cidre pour les étoiles
13%
No. 50 (Morvan, Munuera et Yann, 2008) Aux sources du Z
8%
No. 54 (Vehlmann et Yoann, 2014) Le groom de Sniper Alley
8%
No. 57 (Abitan, Guerrive et Schwartz, 2024) La Mémoire du futur
4%
Aucun quiz correspondant
Distribution des résultats
% des personnes avec chaque résultat
Percentile par nombre de réponses
Votre historique - résultats
Vous n’avez pas pris ce quiz depuis la dernière actualisation